| 000 | 01892cam a2200577 4500 | ||
|---|---|---|---|
| 008 | 090401t1995 xxu||||| |||| 00| 0 eng d | ||
| 020 | _a0752001191 | ||
| 035 | _a(Sirsi) u63387 | ||
| 041 | _aeng | ||
| 050 |
_a346.4104342 _c18 |
||
| 100 | _aBennett, Charles | ||
| 245 | _aDrafting residential leases | ||
| 250 | _a3rd ed. | ||
| 260 |
_aLondon _bFT Law and Tax _c1995 |
||
| 300 |
_axlii, 601p. _c24cm. |
||
| 350 | _a65 | ||
| 505 | _aDrafting | ||
| 505 | _aWhy grant a lease? | ||
| 505 | _aTypes of tenancy | ||
| 505 | _aThe term of the lease | ||
| 505 | _aPremises, easements and other rights | ||
| 505 | _aRent and rent increases | ||
| 505 | _aService charges and insurance | ||
| 505 | _aRates, taxes and VAT | ||
| 505 | _aAssignment and subletting | ||
| 505 | _aUnder covenants | ||
| 505 | _aRepairing convenants | ||
| 505 | _aEnforcement and forfeiture | ||
| 505 | _aDeposits and premiums | ||
| 505 | _aSurities | ||
| 505 | _aDisposal of landlords interest | ||
| 505 | _aVariations | ||
| 505 | _aLettings to students | ||
| 505 | _aHoliday lettings and holiday homes | ||
| 505 | _aLettings of employees | ||
| 505 | _aLetting the landlord's home | ||
| 505 | _aAssured shorthold tenancies | ||
| 505 | _aSecure tenancies | ||
| 505 | _aExtension leases under the Leaehold Reform Act 1967 | ||
| 505 | _aProtected tenancies granted after 15 January 1989 | ||
| 505 | _aLeasehold Reform, Housing and Urban Development Act 1993 | ||
| 505 | _aLicences and sharing agreements | ||
| 650 | _aHOUSING ACT 1988 | ||
| 650 | _aLOCAL GOVERNMENT AND HOUSING ACT 1989 | ||
| 650 | _aRENT ACT 1977 | ||
| 650 | _aLEASEHOLD REFORM, HOUSING AND URBAN DEVELOPMENT ACT 1993 | ||
| 650 | _aLEASEHOLD REFORM ACT 1967 | ||
| 690 | _aPROPERTY-RESIDENTIAL PROPERTY-RESIDENTIAL LANDLORD AND TENANT-RESIDENTIAL LEASES | ||
| 942 | _n0 | ||
| 948 | _c04/03/1997 | ||
| 999 |
_c94545 _d94545 |
||